000 00364nam a2200145Ia 4500
008 230917s9999||||xx |||||||||||||| ||und||
040 _e155375
_aMAIN
041 _aEnglish
082 _aB N315D
100 _aNehru
245 0 _aJawaharlal Nehru: the discovery of India
260 _aNew Delhi
_bOxford University Press
_c1982
300 _a582p p.
942 _cBK
999 _c81264
_d81264